<?xml version="1.0" encoding="UTF-8"?>
<marc:record xmlns:marc="http://www.loc.gov/MARC21/slim">
   <marc:leader>00000nam a2200000 a 4500</marc:leader>
   <marc:datafield ind1="1" ind2=" " tag="100">
      <marc:subfield code="a">Kruse, Tatjana</marc:subfield>
      <marc:subfield code="4">aut</marc:subfield>
      <marc:subfield code="e">Verfasser/-in</marc:subfield>
   </marc:datafield>
   <marc:datafield ind1="0" ind2="0" tag="245">
      <marc:subfield code="a">Finger, Hut und Teufelsbrut</marc:subfield>
   </marc:datafield>
   <marc:datafield ind1="0" ind2="0" tag="245">
      <marc:subfield code="b">Kommissar Seifferheld ermittelt. Kriminalroman</marc:subfield>
   </marc:datafield>
   <marc:datafield ind1="0" ind2="0" tag="245">
      <marc:subfield code="c">Kruse, Tatjana</marc:subfield>
   </marc:datafield>
   <marc:datafield ind1=" " ind2="1" tag="264">
      <marc:subfield code="a">München</marc:subfield>
      <marc:subfield code="b">Knaur-Taschenbuch-Verl.</marc:subfield>
      <marc:subfield code="c">2012</marc:subfield>
   </marc:datafield>
   <marc:datafield ind1="1" ind2=" " tag="490">
      <marc:subfield code="a">Kommissar Seifferheld ermittelt</marc:subfield>
   </marc:datafield>
   <marc:datafield ind1="1" ind2=" " tag="520">
      <marc:subfield code="a">Letzte Woche hat mich einer mit einem Messer bedroht. Ich wusste aber gleich, dass er kein Profi ist es war noch Butter dran!&lt;br&gt;Am helllichten Tag finden in Schwäbisch Hall zwei Entführungen statt. Siegfried Seifferheld, Kommissar a. D., stellt mal wieder als Einziger die richtigen Fragen und ist sich auch nicht zu schade, undercover in einem indischen Kochkurs zu ermitteln. Doch bevor er die Täter zur Strecke bringen kann, muss er seine eifersüchtige Freundin MaC beruhigen und seine eigene Radiosendung als Stickexperte moderieren. Kein Problem für den OO7 aus Schwäbisch Hall!&lt;br&gt;"Wer hier nichts zu lachen hat, ist wahrscheinlich tot ernst." MDRDritter Fall für den frühpensionierten Kommissar Siggi Seifferheld: Der indische Kulturattaché soll bei seinem Besuch in Schwäbisch-Hall entführt werden. Die schöne indische Schülerin des dortigen Goethe-Instituts braucht Seifferhelds Hilfe. Vor den Augen der Weltöffentlichkeit wird der indische Kulturattaché mitten auf dem Marktplatz zu Schwäbisch Hall entführt. Siegfried Seifferheld, Kommissar a. D., kennt die Hintergründe, und während die Exekutive noch im Dunkeln tappt, ermittelt Seifferheld mit Gehhilfe und Gefahrhund undercover in einem "Indisch Kochen leicht gemacht"-Kurs. Währenddessen tobt in seiner Familie wieder einmal das Chaos: Seine Freundin MaC ist wutentbrannt ausgezogen, dafür ist seine Schwester Irmgard, auch genannt der General, wieder bei ihm in die Untere Herrengasse eingezogen. Und der heimliche Sticker Seifferheld erhält sogar eine eigene Radiosendung, in der er als Stickexperte mit Rat und Tat berät ... (Verlagstext)</marc:subfield>
   </marc:datafield>
   <marc:datafield ind1=" " ind2=" " tag="020">
      <marc:subfield code="a">9783426510506</marc:subfield>
      <marc:subfield code="9">9783426510506</marc:subfield>
   </marc:datafield>
   <marc:datafield ind1=" " ind2=" " tag="020">
      <marc:subfield code="a">3426510502</marc:subfield>
      <marc:subfield code="9">3426510502</marc:subfield>
   </marc:datafield>
   <marc:datafield ind1=" " ind2=" " tag="041">
      <marc:subfield code="a">ger</marc:subfield>
   </marc:datafield>
   <marc:datafield ind1=" " ind2=" " tag="338">
      <marc:subfield code="a">Band</marc:subfield>
   </marc:datafield>
   <marc:datafield ind1=" " ind2=" " tag="300">
      <marc:subfield code="a">307 S.</marc:subfield>
   </marc:datafield>
</marc:record>
